Guts and Blackpowder Locations - Instant Death - Statistics

General Stats
  • This quiz has been taken 82 times
  • The average score is 7 of 12
Answers on the Grid
Answers color-coded by a green-red scale on the quiz's grid according to % correct below.
Vardohus Fortress
Berlin
Moscow
Antwerp
Rome
Vienna
Copenhagen
Roscoff
London
Kyiv
Berezina
Marseille
Krakow
Brno
San Sebastian
Hougoumont
Mont Saint-Michel
St. Petersburg
Stockholm
La Haye Sainte
Château de Montsoreau
La Ferme d'En haut
Albany
Madrid
Palermo
Colditz Castle
Westpoint
Fort Winston
The Alamo
Budapest
 
Answer Stats
Answer % Correct
Vardohus Fortress
96%
Roscoff
84%
Copenhagen
78%
Berezina
64%
Hougoumont
62%
San Sebastian
58%
La Haye Sainte
56%
St. Petersburg
54%
La Ferme d'En haut
48%
Fort Winston
32%
Westpoint
32%
The Alamo
28%
No matching quizzes found
Score Distribution
Percent of People with Each Score
Percentile by Number Answered
Your Score History
You have not taken this quiz